01990nmm a22003134i 4500003000900000005001700009007000300026008004100029040003300070100005000103245039900153264005000552300005500602336002700657337002900684338003900713347003100752502020100783504003100984505023401015610007801249650005901327650003901386650002801425650001401453650002701467700004201494856014001536DO-SdISF20250403143754.0ta240215s2021 dr ||||fo||d| 00| 0 spa d aCGIP0042bspaerdacCGIP00421 aMoya González, Darconelys del Carmeneautor10aEnseñanza-aprendizaje de los conceptos de diferenciación e integración con énfasis en el teorema fundamental del cálculo en sexto grado del nivel secundario del Instituto Politécnico Prof. Rafael Pérez del distrito educativo 08-04, Santiago República Dominicana, año lectivo 2019-2020 /csustentada: Darconelys del Carmen Moya González ; asesor: Wilmer Lucidio Arzolay Abreu 1aSantiago de los Caballeros :bISFODOSU,c2021 a1 recurso en línea (185 hojas) : bilustraciones 2rdacontentatextobtxt 2rdamediaacomputadorabc 2rdacarrierarecurso en líneabcr 2rdaaarchivo de textobPDF aTesis para optar por el título de Maestría en (Matemática orientada a la Educación Secundaria) - Instituto Superior de Formación Docente Salomé Ureña - ISFODOSU, Recinto EPH, 2021.  aBibliografía en hoja 109 aIntroducción al problema de investigación 1 - Revisión de la literatura 15 - Marco metodológico 42 - Presentación de resultados 55 - Interpretación de los resultados 121 - Referencias bibliográficas 127 - Anexos 133 7aInstituto Superior de Formación Docente Salomé UreñavTesis2armarc17aEducación secundaria2armarczRepública Dominicana17aMatemáticasxEnseñanza2armarc14aAnálisis matemático14aCálculo14aIntegracion numérica1 aArzolay Abreu, Wilmer Lucidioeasesor uhttps://biblioteca.isfodosu.edu.do/cgi-bin/koha/opac-retrieve-file.pl?id=1eba07241fdbfcf5fc96f94e7b2ac60byClic para ver Texto Completo